000 00451cam a2200169ua 4500
003 OSt
008 250619b |||||||| |||| 00| 0 eng d
020 _a0-07-766548-6
041 _aeng
082 _a624.1834
_bNIL/DE
100 _aNilson, Arthur H .
_97590
245 _aDesign of concrete structures /
260 _aSingapore :
_bMcGraw-Hill International Book Company.
300 _a730 ; .
700 1 _aWinter, George .
_97591
942 _cBK
999 _c10089
_d10089